| 000 | 00657nam a2200229Ia 4500 | ||
|---|---|---|---|
| 005 | 20260320201935.0 | ||
| 008 | 008 262003s9999 xx 000 0 eng d | ||
| 037 | _aEBOOK | ||
| 040 | _aCRL | ||
| 040 | _beng | ||
| 040 | _cCRL | ||
| 041 | _2eng | ||
| 041 | _aeng | ||
| 084 | _qCRL | ||
| 100 |
_aCosta-Gazcón _91136371 |
||
| 245 | 0 | _aPractical Threat Intelligence and Data-Driven Threat Hunting: A hands-on guide to threat hunting with the ATT&CK™ Framework and open source tools | |
| 260 | _bIEEE | ||
| 856 | _uhttps://ieeexplore.ieee.org/servlet/opac?bknumber=10163695 | ||
| 942 | _cEBOOK | ||
| 999 |
_c1724399 _d1724399 |
||